000 00413nam a2200157Ia 4500
008 240729s9999 xx 000 0 und d
022 _a2214-2584
245 0 _aAlgebraic Geometry
260 _aNetherlands
260 _bFoundation Compositio Mathematica
650 _a Mathematics
650 _aScience
856 _uhttps://doaj.org/toc/b974102bb8fc4bc4be38e3fda8026491
942 _2ddc
942 _cDOAJEJ
999 _c65932
_d65932
945 _a1
_bMadushi Gamage
_c1
_dMadushi Gamage